000 00711nam a22002051c 4500
001 461918927
008 060418s2005 gw a||| 000u ger d
020 _a3428113020
_93-428-11302-0
041 _ager
100 1 _aArnold, Klaus Jochen
245 0 4 _aDie Wehrmacht und die Besatzungspolitik in den besetzten Gebieten der Sowjetunion :
_bKriegführung und Radikalisierung im "Unternehmen Barbarossa" /
_cvon Klaus Jochen Arnold
264 _aBerlin :
_bDuncker & Humblot,
_c2005
300 _a579 S. : Ill., Kt
502 _aZugl.: Münster, Univ., Diss., 2002
655 0 _aHochschulschrift
942 _cMG
040 _cRU-10907106
003 RU-10907106
999 _c19478
_d19478
490 0 _aZeitgeschichtliche Forschungen
_v23